000 00967nmm a2200289 a 4500
001 ocm0001221655
003 TR-IsHL
005 20201028154733.0
008 131219s2006 tu tur
007 cr cn
020 _a9789754837063
035 _a1221655
_b(N$T)
050 0 4 _aTK5103.7
_b.D55 2006
090 0 4 _aTK5103.7
_b.D55 2006
245 1 0 _aDijital platform ve iletişim
_h[electronic resource] /
_ced. Z. Beril Akıncı Vural
260 _aİzmir :
_bEge Üniversitesi Yayınları,
_c2006
300 _a244 p.
650 4 _aMedya ve İletişim
650 4 _aCommunication & Media
650 0 _aSayısal medya
650 0 _aDigital media
650 0 _aSayısal iletişim
650 0 _aDigital communications
650 7 _aTECHNOLOGY & ENGINEERING / Mobile & Wireless Communications
_2bisacsh
700 1 _aVural, Z. Beril Akıncı
856 4 0 _uhttp://search.ebscohost.com/login.aspx?direct=true&scope=site&db=e011xww&AN=1221655
999 _c12729
_d12729